00335nam a2200121Ia 4500008004100000041000800041082001600049100001300065245005900078260004000137300001900177999001700196241015s9999 xx 000 0 und d aeng a658.404 SCH aSchwalbe aInformation Technology Project Management With Mindtap bCengage Learning IndiaaDehlic2019 a558;. P. 23 cm c41794d41794